TV Characters by Athletic Accomplishment Quiz Stats

 Plays Quiz not verified by Sporcle

Challenge
Share
Tweet
Embed
Score 0/16 Timer 10:00
0 Plays Today
Clue Character Name % Correct
He scored Four touchdowns in one game.Al Bundy
57.7%
He made a game-winning RBI on a hit-by-pitch.Homer J. Simpson
40.4%
He coached his team to victory in the Pioneer Bowl.Hayden Fox
39.4%
She overtook Hank Aaron as the worst blernsball player in history.Turanga Leela
37.5%
He gave up four consecutive homeruns to the Mariners.Sam Malone
34.6%
He won the grand prize in a bull riding contest while suffering from amnesia.Eric Cartman
19.2%
He won the mixed doubles squash tournament at his sports club.Frasier Crane
14.4%
He came in last place in an Anchor Toss Competition.Spongebob Squarepants
12.5%
Clue Character Name % Correct
Her hometown erected a statue of her honoring her career as an undefeated boxer.Lois Griffin
12.5%
He scored more goals than anyone else in the history of the hockey team.Michael Scott
11.5%
He peed his pants while playing second base.Raymond Barone
10.6%
He won the decathlon in the Special People's Games.Joe Swanson
9.6%
This quarterback led his team to overcome a 499-point deficit.Bullwinkle J. Moose
1.9%
She ALSO scored four touchdowns in one game.Rudy Huxtable
1.9%
He won two consecutive Super Bowl Championships as head coach.Michael 'Dauber' Dybinski
1.9%
He competed in ski-jumping at the 1986 Winter Olympics.Klaus Heissler
1.9%

You're not logged in!

Compare scores with friends on all Sporcle quizzes.
OR
Log In

You Might Also Like...

Show Comments

Extras

Created Jan 25, 2011ReportNominate
Tags:Athletes, character

Top Quizzes Today


Score Distribution

Your Account Isn't Verified!

In order to create a playlist on Sporcle, you need to verify the email address you used during registration. Go to your Sporcle Settings to finish the process.

Report this User

Report this user for behavior that violates our Community Guidelines.

Details: